Obálka Náhled e-knihy:
PDF Epub
Pro půjčování e-knih musíte být přihlášeni.
Jak si půjčit online?

Miloš Kopecký : bonviván s křehkou duší /

Biografie významného českého herce.

Uloženo v:
Hlavní autor: Kovář, Pavel, 1944- (Autor)
Další autoři: Kopecký, Miloš, 1922-1996 (Autor)
Médium: E-kniha
Jazyk:Czech
Vydáno: V Praze : XYZ, 2022
Vydání:První vydání
Témata:
Tagy:
Žádné tagy
LEADER 02473nam a2200541 i 4500
001 311752
003 CZ PrSKC
005 20260601215711.0
007 ta
008 221123s2022 xr acf e 000 0acze
015 |a cnb003473352 
020 |a 9788076832732  |q (vázáno) :  |c Kč 399,00 
035 |a (OCoLC)1357140434 
040 |a BOA001  |b cze  |e rda 
043 |a e-xr--- 
045 |a x2x9 
072 7 |a 791/793  |x Divadlo, film, tanec (obecně)  |2 Konspekt 
072 7 |a 929  |x Biografie  |2 Konspekt 
080 |a 791/792.071.2  |2 MRF 
080 |a 929  |2 MRF 
080 |a (437.3)  |2 MRF 
080 |a (092)  |2 MRF 
100 1 |a Kovář, Pavel,  |d 1944-  |7 mzk2004236867  |4 aut 
245 1 0 |a Miloš Kopecký :  |b bonviván s křehkou duší /  |c Pavel Kovář 
250 |a První vydání 
264 1 |a V Praze :  |b XYZ,  |c 2022 
300 |a 299 stran, 32 nečíslovaných stran obrazových příloh :  |b ilustrace, portréty ;  |c 24 cm 
336 |a text  |b txt  |2 rdacontent 
337 |a bez média  |b n  |2 rdamedia 
338 |a svazek  |b nc  |2 rdacarrier 
505 2 |a Můj životopis / autor textu: Miloš Kopecký 
520 2 |a Biografie významného českého herce.  |b Poznejte osudy i osobnost muže, který zanechal nesmazatelnou stopu na mnoha jevištích i ve filmovém světě. Jeho kariéra představuje nejen strhující projížďku hereckým vesmírem, ale i autentické svědectví o životě v Česku během druhé poloviny 20. století. Nakladatelská anotace. Kráceno. 
600 1 7 |a Kopecký, Miloš,  |d 1922-1996  |7 jk01061686  |2 czenas 
648 7 |a 20. století  |7 ch460558  |2 czenas 
648 4 |a 1922-1996 
650 0 7 |a herci  |7 ph117199  |z Česko  |y 20. století  |2 czenas 
650 0 9 |a actors  |z Czechia  |y 20th century  |2 eczenas 
655 7 |a autobiografie  |7 fd131855  |2 czenas 
655 7 |a biografie  |7 fd131909  |2 czenas 
655 9 |a autobiography  |2 eczenas 
655 9 |a biography  |2 eczenas 
700 1 |a Kopecký, Miloš,  |d 1922-1996  |7 jk01061686  |4 aut 
900 |a ABA001  |b 19 
928 9 |a Albatros Media - XYZ 
044 |a xr 
910 |a RBIT002 
998 |d 363857  |a https://core.palmknihy.cz/api/books/363857/cover?si60ya  |b https://core.palmknihy.cz/api/books/363857/cover/400?si60ya  |c https://core.palmknihy.cz/api/books/363857/cover/50?si60ya  |e 2032-12-31  |g 336  |i 9788076832732  |j https://core.palmknihy.cz/api/books/363857/preview.epub  |k https://core.palmknihy.cz/api/books/363857/preview.pdf  |l   |q 49  |r 1  |s https://www.palmknihy.cz/kniha/363857  |t ebook  |y 2022  |z 0 
999 |d 311750